000 00880cam a22003017a 4500
003 CHAP
005 20220817042732.0
008 971013s1949 r 00010 d
010 _a53936
011 _a54908
035 _a59060
040 _cCHAP
090 _aFolleto 11756Y
100 0 0 _aRussell, John.
_9100961
245 1 3 _aLa salida
260 _aBuenos Aires :
_bSudamericana,
_c1949
300 _app. 39-79
490 4 _aLos hombres y su alimentación ser. A.
_v; vol. 1
501 _aEnc. con otros impresos similares
590 _aBATCH-UPD
_b10
_c20130110
_lUCH01
_h0647
590 _aCONVERSION
_b10
_c20130109
_lUCH01
_h1329
650 1 4 _aAlimentos
_xAbastecimiento.
710 _aUNESCO
830 4 _aLos hombres y su alimentación ser. A.
_v; vol. 1
_968572
901 _aBK
942 _cFOLL
949 _aFolleto 11756Y
_bBC
_cFOLL
_d-127864
_eTS1
_i59060
_si
999 _c53936
_d53936